000 00422 a2200145 4500
005 20250522081737.0
020 _a0-256-01796-4
082 _a658.54 BUD
100 _aBUDNICK, F. S.
245 _aPrinciples of Operations Research for Management.
260 _aHomewood,
_bRichard D. Irwin,
_c1977.
300 _axviii,756p.: ill.; figure, table
_bIndex
_c24cm.
700 _aMOJENA, R. & VOLLMANN. T. E.
942 _2ddc
_cBKS
999 _c2498
_d2498